Statistics for Guess the Country by National Motto #3

Click here to take the quiz!

General Stats

  • This quiz has been taken 3 times
  • The average score is 2 of 12

Answer Stats

MottoCountry% Correct
Truth alone triumphsIndia
100%
By the people and for the peopleAlgeria
33%
Star and key of the Indian OceanMauritius
33%
Mother and motherland are greater than heavenNepal
33%
Independence, Liberty, HappinessVietnam
33%
Always in service with God's guidanceBrunei
0%
Unity, Equality, PeaceDjibouti
0%
Ever Conscious of God We Aspire, and Advance as One PeopleGrenada
0%
Let unity flourishLithuania
0%
For the benefit of the worldPanama
0%
Country Above SelfSaint Kitts and Nevis
0%
Onward ___Singapore
0%

Score Distribution

Percentile by Number Answered

Percent of People with Each Score

Your Score History

You have not taken this quiz